000 00518nam a2200181Ia 4500
999 _c27606
_d27606
003 OSt
005 20201202151352.0
008 190216s9999||||xx |||||||||||||| ||und||
020 _a8171805639
040 _coclc
082 _a894.8123
_bKUN/N
100 _a Kunhabdulla, Punathil
_96411
245 0 _aNari Mikachitam /
_cPunathil Kunhabdulla
260 _bPoorna Publications,
_c1996.
_aKozhikode:
300 _a53p
650 _aNovel
942 _cBK
_2ddc
_h894.8123
_iKUN/N
_k894.8123
_mKUN/N